[Event "EU-ch U10"]
[Site "Prague"]
[Date "2024.08.24"]
[Round "3"]
[White "Li, Yunqi"]
[Black "Railwani, Tavish"]
[Result "1-0"]
[WhiteElo "1968"]
[BlackElo "1827"]
[PlyCount "101"]
[EventDate "2024.08.22"]
[EventType "swiss"]
[EventRounds "9"]
[EventCountry "CZE"]
[SourceTitle "CBM 221 Extra"]
[Source "ChessBase"]
[SourceDate "2024.09.30"]
[SourceVersion "1"]
[SourceVersionDate "2024.09.30"]
[SourceQuality "1"]

1. d4 Nf6 2. Nf3 e6 3. c4 b6 4. Bg5 d5 5. Nc3 Bb7 6. e3 Nbd7 7. cxd5 exd5 8. Qc2 Be7 9. Bd3 0-0 10. 0-0 Ne4 11. Bxe7 Qxe7 12. Rab1 f5 13. b4 Rf6 14. Qb3 Qf7 15. Bxe4 dxe4 16. Qxf7+ Kxf7 17. Nd2 a6 18. Rfc1 Rc8 19. Nb3 h5 20. a4 Rg6 21. a5 b5 22. Ne2 Rh6 23. Nc5 Nxc5 24. Rxc5 g6 25. Rbc1 c6 26. d5 g5 27. Nd4 f4 28. dxc6 Ba8 29. Rf5+ Ke7 30. Rxg5 fxe3 31. Rg7+ Kf8 32. Ra7 e2 33. Rxa6 Bxc6 34. Nxe2 Rd6 35. h3 Ke7 36. Ng3 Bd7 37. Rxc8 Rxa6 38. Rc5 Re6 39. Nf5+ Kf6 40. Ne3 Kg6 41. Nd5 Re5 42. a6 Re6 43. Nf4+ Kf6 44. Nxe6 Bxe6 45. a7 Bd5 46. Rxd5 e3 47. a8Q exf2+ 48. Kxf2 h4 49. Qc6+ Ke7 50. Rd7+ Kf8 51. Qc8# 1-0

[Event "BCF-ch Atkins op"]
[Site "Hull"]
[Date "2024.07.28"]
[Round "5"]
[White "Ganti, Shriaansh"]
[Black "Railwani, Tavish"]
[Result "1-0"]
[WhiteElo "1816"]
[BlackElo "1758"]
[PlyCount "39"]
[EventDate "2024.07.26"]
[EventType "swiss"]
[EventRounds "5"]
[EventCountry "ENG"]
[SourceTitle "CBM 221 Extra"]
[Source "ChessBase"]
[SourceDate "2024.09.30"]
[SourceVersion "1"]
[SourceVersionDate "2024.09.30"]
[SourceQuality "1"]

1. d4 e6 2. Nc3 d5 3. e4 dxe4 4. Nxe4 Nf6 5. Nxf6+ Qxf6 6. Nf3 h6 7. Bd3 Bd6 8. 0-0 0-0 9. Re1 Nd7 10. c3 e5 11. Bc2 exd4 12. cxd4 Qd8 13. Ne5 Re8 14. Qh5 Qf6 15. Bg5 g6 16. Qxh6 Qg7 17. Nxf7 Rxe1+ 18. Rxe1 Kxf7 19. Bb3+ Kf8 20. Re8+ 1-0

[Event "BCF-ch Atkins op"]
[Site "Hull"]
[Date "2024.07.26"]
[Round "1"]
[White "Latypova, Olga L"]
[Black "Railwani, Tavish"]
[Result "0-1"]
[WhiteElo "1901"]
[BlackElo "1758"]
[PlyCount "128"]
[EventDate "2024.07.26"]
[EventType "swiss"]
[EventRounds "5"]
[EventCountry "ENG"]
[SourceTitle "CBM 221 Extra"]
[Source "ChessBase"]
[SourceDate "2024.09.30"]
[SourceVersion "1"]
[SourceVersionDate "2024.09.30"]
[SourceQuality "1"]

1. e4 e6 2. d4 d5 3. Nd2 dxe4 4. Nxe4 Nf6 5. Nxf6+ Qxf6 6. Nf3 h6 7. Bd3 Bd6 8. a3 Nd7 9. Be3 0-0 10. Qe2 e5 11. g4 Qe7 12. dxe5 Nxe5 13. Nxe5 Bxe5 14. 0-0-0 Qf6 15. c4 Bf4 16. Rdg1 Bd7 17. h4 Qe5 18. g5 Bxe3+ 19. fxe3 Qe6 20. gxh6 Qxh6 21. Rg5 Rfe8 22. Rhg1 Kf8 23. Qf2 Rad8 24. Kb1 Qf6 25. Qg3 Qd6 26. Qxd6+ cxd6 27. R1g3 g6 28. h5 gxh5 29. Rxh5 Be6 30. Rh8+ Ke7 31. Rh7 Rh8 32. Rhg7 d5 33. cxd5 Bxd5 34. e4 Bb3 35. Bc2 Rh1+ 36. Rg1 Rxg1+ 37. Rxg1 Bxc2+ 38. Kxc2 Rd4 39. Rg4 Ke6 40. Kc3 Rd6 41. Rg8 Ke5 42. Re8+ Re6 43. Rxe6+ fxe6 44. Kd3 Kf4 45. Kd4 e5+ 46. Kd5 a6 47. b3 b6 48. a4 a5 49. Kc6 Kxe4 50. Kxb6 Kd3 51. Kxa5 e4 52. Kb6 e3 53. a5 e2 54. a6 e1Q 55. a7 Qb4+ 56. Kc7 Qc5+ 57. Kb8 Qb6+ 58. Ka8 Kd4 59. b4 Kd5 60. b5 Qd8+ 61. Kb7 Qd7+ 62. Kb8 Qxb5+ 63. Ka8 Qc6+ 64. Kb8 Kd6 0-1

[Event "BCF-ch U10 blitz"]
[Site "Hull"]
[Date "2024.07.25"]
[Round "6"]
[White "Zhang, Junyi"]
[Black "Railwani, Tavish"]
[Result "1-0"]
[WhiteElo "1865"]
[BlackElo "1721"]
[PlyCount "81"]
[EventDate "2024.07.25"]
[EventType "swiss (blitz)"]
[EventRounds "9"]
[EventCountry "ENG"]
[SourceTitle "CBM 221 Extra"]
[Source "ChessBase"]
[SourceDate "2024.09.30"]
[SourceVersion "1"]
[SourceVersionDate "2024.09.30"]
[SourceQuality "1"]

1. e4 e6 2. d4 d5 3. e5 c5 4. c3 Nc6 5. Nf3 Qb6 6. a3 c4 7. Nbd2 a5 8. g3 a4 9. h4 Bd7 10. Bh3 Na5 11. 0-0 Ne7 12. Ne1 Nb3 13. Nxb3 axb3 14. f4 Nf5 15. Bxf5 exf5 16. Qe2 Be6 17. Nf3 h6 18. Be3 Be7 19. Nh2 Rc8 20. Qf2 Qc6 21. g4 Ra8 22. Qg3 Rg8 23. Kh1 Qd7 24. g5 h5 25. g6 f6 26. Nf3 Rh8 27. Rg1 Qd8 28. exf6 Bxf6 29. Ng5 Bxg5 30. fxg5 Kd7 31. Qe5 Rg8 32. Bf4 Ke7 33. Rge1 Qd7 34. Re2 Rae8 35. Rae1 Kf8 36. Qd6+ Re7 37. Rxe6 Qxd6 38. Bxd6 Ke8 39. Rxe7+ Kd8 40. Rxb7 Kc8 41. Ree7 1-0

[Event "Stokes Cup U12"]
[Site "Hull"]
[Date "2024.07.24"]
[Round "4.1"]
[White "Railwani, Tavish"]
[Black "Zhao, George"]
[Result "0-1"]
[WhiteElo "1758"]
[BlackElo "2034"]
[PlyCount "108"]
[EventDate "2024.07.23"]
[EventType "team-tourn"]
[EventRounds "5"]
[EventCountry "ENG"]
[SourceTitle "CBM 221 Extra"]
[Source "ChessBase"]
[SourceDate "2024.09.30"]
[SourceVersion "1"]
[SourceVersionDate "2024.09.30"]
[SourceQuality "1"]
[WhiteTeam "Scotland"]
[BlackTeam "England"]
[WhiteTeamCountry "SCO"]
[BlackTeamCountry "ENG"]

1. e4 e6 2. d4 d5 3. exd5 exd5 4. Bd3 Bd6 5. Ne2 Ne7 6. Nbc3 c6 7. 0-0 0-0 8. Bf4 Be6 9. Qd2 Bxf4 10. Nxf4 Bf5 11. Rfe1 Bxd3 12. Qxd3 Nd7 13. Nd1 Nf6 14. f3 Qd6 15. Ne2 Rae8 16. Ne3 Nh5 17. Nf5 Qf6 18. Nxe7+ Rxe7 19. c3 Rfe8 20. Qd2 Qg6 21. Kh1 Qh6 22. f4 Rxe2 23. Rxe2 Ng3+ 24. Kg1 Nxe2+ 25. Kh1 Qxf4 26. Qd3 Re3 27. Qd2 Qf2 28. Qd1 Rh3 29. Qxe2 Qxe2 30. gxh3 Qxb2 31. Re1 Kf8 32. a4 Qxc3 33. Rf1 Qxd4 34. a5 Qe4+ 35. Kg1 Qe3+ 36. Kh1 Qxh3 37. Re1 Qc3 38. Rf1 Qxa5 39. h4 h5 40. Rg1 d4 41. Rd1 Qd5+ 42. Kg1 d3 43. Kf2 c5 44. Rd2 c4 45. Ke1 Qh1+ 46. Kf2 Qxh4+ 47. Ke3 Qg5+ 48. Kd4 Qxd2 49. Kxc4 Qc2+ 50. Kd5 Qc6+ 51. Kd4 d2 52. Ke3 d1Q 53. Kf4 Qdf3+ 54. Kg5 Qg4# 0-1

[Event "Scottish op"]
[Site "Dunfermline"]
[Date "2024.07.13"]
[Round "8"]
[White "Railwani, Tavish"]
[Black "McDonald, Angus"]
[Result "1-0"]
[WhiteElo "1758"]
[BlackElo "1921"]
[PlyCount "49"]
[EventDate "2024.07.08"]
[EventType "swiss"]
[EventRounds "9"]
[EventCountry "SCO"]
[SourceTitle "CBM 221 Extra"]
[Source "ChessBase"]
[SourceDate "2024.09.30"]
[SourceVersion "1"]
[SourceVersionDate "2024.09.30"]
[SourceQuality "1"]

1. e4 e5 2. Nf3 d6 3. d4 exd4 4. Nxd4 Nf6 5. Nc3 Be7 6. Be2 0-0 7. 0-0 Nc6 8. Be3 Nd7 9. f4 Nxd4 10. Bxd4 Bf6 11. Nd5 Bxd4+ 12. Qxd4 c6 13. Ne3 Nf6 14. Rad1 Qb6 15. Bf3 Rd8 16. a3 h6 17. Qxb6 axb6 18. Nc4 Bg4 19. Bxg4 Nxg4 20. h3 d5 21. exd5 cxd5 22. Nxb6 Ra6 23. Nxd5 Rad6 24. Ne7+ Kf8 25. Rxd6 1-0

[Event "Scottish op"]
[Site "Dunfermline"]
[Date "2024.07.11"]
[Round "6"]
[White "Railwani, Tavish"]
[Black "Blackford, Ross"]
[Result "0-1"]
[WhiteElo "1758"]
[BlackElo "1964"]
[PlyCount "122"]
[EventDate "2024.07.08"]
[EventType "swiss"]
[EventRounds "9"]
[EventCountry "SCO"]
[SourceTitle "CBM 221 Extra"]
[Source "ChessBase"]
[SourceDate "2024.09.30"]
[SourceVersion "1"]
[SourceVersionDate "2024.09.30"]
[SourceQuality "1"]

1. e4 c6 2. d4 d5 3. exd5 cxd5 4. Bd3 Nc6 5. Nf3 Bg4 6. c3 Qc7 7. Bg5 e6 8. Nbd2 Bd6 9. Bh4 Nf6 10. Bg3 0-0 11. Bxd6 Qxd6 12. 0-0 Rfc8 13. Qe2 a6 14. Qe3 Bxf3 15. Nxf3 b5 16. h3 b4 17. Rfc1 bxc3 18. bxc3 Na5 19. Ne5 Nc4 20. Bxc4 dxc4 21. Rab1 Rc7 22. Qe2 Rac8 23. Rb4 Qd5 24. Rcb1 g6 25. Rb8 Kg7 26. Rxc8 Rxc8 27. Rb4 Qe4 28. Qf1 Nd5 29. Nxc4 Nxb4 30. Nd6 Qc2 31. Nxc8 Qxc3 32. Nd6 Qxd4 33. Nc4 Nxa2 34. Ne3 Nb4 35. Qb1 a5 36. Qb3 Nd5 37. Nxd5 exd5 38. Qa3 a4 39. Kh2 Qxf2 40. Qxa4 d4 41. Qb5 Qe3 42. Qc5 Qf4+ 43. Kh1 Qe4 44. Qc4 h5 45. Kh2 Qe5+ 46. Kh1 Qe3 47. Qc5 Qf4 48. Qc4 Kf6 49. Qc6+ Ke5 50. Qe8+ Kd5 51. Qa8+ Kc4 52. Qa6+ Kc3 53. Qa3+ Kd2 54. Qb4+ Kd1 55. Qb3+ Kd2 56. Qb4+ Ke2 57. Qc4+ Ke1 58. Qb4+ Qd2 59. Qb1+ Kf2 60. Qe4 Qd1+ 61. Kh2 Qg1# 0-1

[Event "Scottish op"]
[Site "Dunfermline"]
[Date "2024.07.11"]
[Round "5"]
[White "Saemundsson, Thor"]
[Black "Railwani, Tavish"]
[Result "0-1"]
[WhiteElo "1575"]
[BlackElo "1758"]
[PlyCount "88"]
[EventDate "2024.07.08"]
[EventType "swiss"]
[EventRounds "9"]
[EventCountry "SCO"]
[SourceTitle "CBM 221 Extra"]
[Source "ChessBase"]
[SourceDate "2024.09.30"]
[SourceVersion "1"]
[SourceVersionDate "2024.09.30"]
[SourceQuality "1"]

1. Nf3 e6 2. b3 d5 3. Bb2 c5 4. e4 Nc6 5. e5 Nge7 6. Nc3 Ng6 7. Bb5 Bd7 8. Bxc6 Bxc6 9. Ne2 d4 10. Ng3 Qc7 11. Qe2 Bxf3 12. gxf3 Qxe5 13. Qxe5 Nxe5 14. Ke2 f5 15. d3 Bd6 16. c3 dxc3 17. Bxc3 0-0 18. Rad1 Ng6 19. Nh5 Nf4+ 20. Nxf4 Bxf4 21. Rhg1 e5 22. h4 Rfe8 23. a4 Rad8 24. Rb1 Rd7 25. Rbd1 Rd6 26. Bd2 Bxd2 27. Rxd2 Rh6 28. Rc1 b6 29. Rc4 Rd8 30. b4 cxb4 31. Rxb4 e4 32. d4 Rxh4 33. Ke3 exf3 34. Kxf3 g5 35. Rc4 h5 36. Rc7 Rf4+ 37. Kg3 h4+ 38. Kg2 Rfxd4 39. Rxd4 Rxd4 40. Rxa7 g4 41. a5 bxa5 42. Rxa5 h3+ 43. Kh2 Rf4 44. Kg3 Rf3+ 0-1

[Event "Peterborough 4NCL Easter op-A"]
[Site "Peterborough"]
[Date "2024.03.29"]
[Round "1"]
[White "Railwani, Tavish"]
[Black "Varley, Joe"]
[Result "0-1"]
[WhiteElo "1783"]
[BlackElo "1926"]
[PlyCount "152"]
[EventDate "2024.03.29"]
[EventType "swiss"]
[EventRounds "7"]
[EventCountry "ENG"]
[SourceTitle "CBM 219 Extra"]
[Source "ChessBase"]
[SourceDate "2024.05.31"]
[SourceVersion "1"]
[SourceVersionDate "2024.05.31"]
[SourceQuality "1"]

1. e4 c5 2. Nf3 e6 3. d4 cxd4 4. Nxd4 Nf6 5. Nc3 Nc6 6. Be3 Bb4 7. Nxc6 bxc6 8. Bd3 d5 9. a3 Bxc3+ 10. bxc3 dxe4 11. Be2 Nd5 12. Bd4 0-0 13. 0-0 Qg5 14. Bc4 Nf4 15. g3 e5 16. Be3 Bg4 17. Bxf4 exf4 18. Qd2 e3 19. fxe3 fxe3 20. Qd4 Rad8 21. Qf4 Qxf4 22. Rxf4 Bh5 23. Bd3 Rfe8 24. Re1 Rd5 25. Rd4 Bg6 26. Bxg6 fxg6 27. Rxd5 cxd5 28. Kg2 Kf7 29. Kf3 Re4 30. Rxe3 Ra4 31. Ke2 Rxa3 32. Kd2 Ra1 33. Re5 Rh1 34. h4 Rg1 35. Rxd5 Rg2+ 36. Kc1 Rxg3 37. Rd7+ Kf6 38. Rxa7 Rxc3 39. Ra6+ Ke5 40. Ra7 Rh3 41. Rxg7 Rxh4 42. Kd2 Kf6 43. Rb7 h5 44. Rb6+ Kg7 45. Kd3 Rf4 46. c4 h4 47. c5 h3 48. c6 h2 49. Rb1 Rf6 50. Rh1 Rxc6 51. Rxh2 Re6 52. Re2 Rxe2 53. Kxe2 Kh6 54. Kf2 Kh5 55. Kf3 Kh4 56. Kf4 g5+ 57. Kf3 Kh3 58. Kf2 g4 59. Kg1 Kg3 60. Kf1 Kh2 61. Ke2 g3 62. Kd3 g2 63. Kd4 g1Q+ 64. Ke4 Qf2 65. Ke5 Qf3 66. Kd4 Qe2 67. Kd5 Qe3 68. Kd6 Qe4 69. Kc5 Kg3 70. Kd6 Kf4 71. Kc5 Ke5 72. Kb6 Qc4 73. Ka5 Qb3 74. Ka6 Kd6 75. Ka5 Kc6 76. Ka6 Qb6# 0-1

[Event "British Rapidplay"]
[Site "Peterborough"]
[Date "2024.03.02"]
[Round "5"]
[White "Lishoy Gengis Paratazham, Dildarav"]
[Black "Railwani, Tavish"]
[Result "1-0"]
[WhiteElo "1924"]
[BlackElo "1783"]
[PlyCount "125"]
[EventDate "2024.03.02"]
[EventType "swiss (rapid)"]
[EventRounds "11"]
[EventCountry "ENG"]
[SourceTitle "CBM 219 Extra"]
[Source "ChessBase"]
[SourceDate "2024.05.31"]
[SourceVersion "1"]
[SourceVersionDate "2024.05.31"]
[SourceQuality "1"]

1. e4 e6 2. Nc3 d5 3. d3 Nf6 4. e5 Nfd7 5. f4 c5 6. g3 Nc6 7. Bg2 b6 8. Nf3 Bb7 9. 0-0 Be7 10. Ne2 0-0 11. c3 f6 12. exf6 Bxf6 13. h3 Qc7 14. Be3 Rae8 15. Bf2 e5 16. fxe5 Ndxe5 17. Nf4 d4 18. cxd4 Nxf3+ 19. Qxf3 cxd4 20. Qd5+ Kh8 21. Ne6 Rxe6 22. Qxe6 Nd8 23. Qe2 Ba6 24. Rac1 Qd6 25. Rcd1 Ne6 26. Rfe1 Nc5 27. Qh5 g6 28. Qe2 Bg7 29. a3 Rd8 30. h4 Rf8 31. Be4 Qf6 32. Rf1 Qe6 33. Bf3 Qd6 34. Bg2 Rd8 35. Qc2 Rf8 36. b4 Ne6 37. Qa4 b5 38. Qb3 Nc7 39. Rc1 Ne6 40. Rc6 Qd7 41. Qxe6 Qxe6 42. Rxe6 Bc8 43. Re2 Bf5 44. Be4 Bg4 45. Rc2 a6 46. Rc6 Bh3 47. Rfc1 a5 48. bxa5 Ra8 49. a6 Re8 50. a7 Bh6 51. Re1 Ra8 52. Ra6 Rc8 53. a8R Rxa8 54. Rxa8+ Kg7 55. Bxd4+ Kf7 56. Bd5+ Be6 57. Bxe6+ Ke7 58. Bc5+ Kf6 59. Rf8+ Kg7 60. Rf7+ Kg8 61. Ra7+ Kh8 62. Bd4+ Bg7 63. Ra8# 1-0

[Event "British Rapidplay"]
[Site "Peterborough"]
[Date "2024.03.02"]
[Round "1"]
[White "White, Stuart A"]
[Black "Railwani, Tavish"]
[Result "1-0"]
[WhiteElo "2020"]
[BlackElo "1783"]
[PlyCount "73"]
[EventDate "2024.03.02"]
[EventType "swiss (rapid)"]
[EventRounds "11"]
[EventCountry "ENG"]
[SourceTitle "CBM 219 Extra"]
[Source "ChessBase"]
[SourceDate "2024.05.31"]
[SourceVersion "1"]
[SourceVersionDate "2024.05.31"]
[SourceQuality "1"]

1. d4 Nf6 2. c4 e6 3. Nc3 Bb4 4. e3 0-0 5. Bd2 d5 6. Nf3 Nbd7 7. Bd3 b6 8. cxd5 exd5 9. 0-0 Bb7 10. Ne5 Nxe5 11. dxe5 Nd7 12. f4 Nc5 13. Bc2 Ba6 14. Ne2 Bxd2 15. Qxd2 Ne4 16. Qe1 Qe7 17. Rf3 Qc5 18. Nd4 Qe7 19. Rh3 c5 20. Nf5 Qe6 21. g4 Rfe8 22. Qh4 Qg6 23. Ne7+ Rxe7 24. Qxe7 Qxg4+ 25. Rg3 Nxg3 26. hxg3 Qxg3+ 27. Kh1 Qh3+ 28. Kg1 Qxe3+ 29. Kh1 Qxf4 30. Rg1 Qf3+ 31. Kh2 Qh5+ 32. Kg2 Qg4+ 33. Kh2 Qf4+ 34. Rg3 h5 35. e6 Bf1 36. exf7+ Qxf7 37. Bh7+ 1-0